Welcome to the Holygrace Academy Library

Please use search bar below to get started

MANTHALIRILE IRUPATHU COMMUNIST VARSHANGAL (Record no. 8667)

MARC details
000 -LEADER
fixed length control field 00633nam a22001457a 4500
082 ## - DEWEY DECIMAL CLASSIFICATION NUMBER
Classification number 894.812.3
Item number BEN/M
100 ## - MAIN ENTRY--AUTHOR NAME
Personal name BENYAMIN
245 ## - TITLE STATEMENT
Title MANTHALIRILE IRUPATHU COMMUNIST VARSHANGAL
246 ## - VARYING FORM OF TITLE
Title proper/short title MANTHALIRILE IRUPATHU COMMUNIST VARSHANGAL
Remainder of title MANTHALIRILE IRUPATHU COMMUNIST VARSHANGAL
260 ## - PUBLICATION, DISTRIBUTION, ETC. (IMPRINT)
Place of publication KOTTAYAM,KERALA, INDIA
Name of publisher D C BOOKS
Year of publication 2023
300 ## - PHYSICAL DESCRIPTION
Number of Pages 414
520 ## - SUMMARY, ETC.
Summary, etc The village of Manthalir. Religion and politics are the lifeblood there. The Church and the parties are constantly interfering in the daily lives . Benjamin portrays the conflicts they cause in the context of satire.
650 ## - SUBJECT ADDED ENTRY--TOPICAL TERM
Topical Term MALAYALAM NOVEL
942 ## - ADDED ENTRY ELEMENTS (KOHA)
Koha item type Books
Holdings
Withdrawn status Lost status Collection code Home library Current library Shelving location Date acquired Source of acquisition Cost, normal purchase price Full call number Accession Number Koha item type
    Fiction Main Library Main Library NEW SHELF WITH NEW ENTRY 07/03/2024 PURCHASED 480.00 894.812.3 BEN/M 13579 Books